Pac-12 Men's Basketball Players of the Year - Statistics

General Stats
  • This quiz has been taken 25 times
    13 since last reset
  • The average score is 21 of 50
Answer Stats
Year Player College Current Team % Correct
2009 James Harden Arizona State Cleveland Cavaliers
90%
2024 Caleb Love Arizona Portland Trail Blazers / Rip City Remix
80%
2017 Dillon Brooks Oregon Phoenix Suns
80%
2008 Kevin Love UCLA Utah Jazz
80%
1977 Marques Johnson UCLA Retired
80%
2014 Nick Johnson Arizona Saint-Quentin Basket-Ball - France
80%
1981 Steve Johnson Oregon State Retired
80%
1994 Jason Kidd California Dallas Mavericks - (Head Coach)
70%
2020 Payton Pritchard Oregon Boston Celtics
70%
1995 Damon Stoudamire Arizona Retired
60%
2018 Deandre Ayton Arizona Los Angeles Lakers
60%
2021 Evan Mobley USC Cleveland Cavaliers
60%
2023 Jaime Jaquez Jr. UCLA Miami Heat
60%
2015 Joseph Young Oregon Qingdao Eagles - China
60%
2022 Bennedict Mathurin Arizona Los Angeles Clippers
50%
2006 Brandon Roy Washington Retired
50%
1990 Gary Payton Oregon State Boston Ball Hogs - BIG3 - (Head Coach)
50%
2016 Jakob Poeltl Utah Toronto Raptors
50%
1984 A. C. Green Oregon State Retired
40%
2007 Arron Afflalo UCLA Retired
40%
2011 Derrick Williams Arizona Suwon KT Sonicboom - South Korea
40%
1995 Ed O'Bannon UCLA Retired
40%
2005 Ike Diogu Arizona State Retired
40%
2003 Luke Ridnour Oregon Retired
40%
1998 Mike Bibby Arizona Sacramento State Hornets - (Head Coach)
40%
2013 Allen Crabbe California Free Agent
30%
1980 Don Collins Washington State Retired
30%
1999 Jason Terry Arizona Utah Jazz - (Assistant Coach)
30%
2012 Jorge Gutiérrez California Long Island Nets - (Assistant Coach)
30%
2004 Josh Childress Stanford Retired
30%
1996 Shareef Abdur-Rahim California Retired
30%
1991 Terrell Brandon Oregon Retired
30%
1993 Chris Mills Arizona Retired
20%
1986 Christian Welp Washington Deceased
20%
1979 David Greenwood UCLA Retired
20%
1978 David Greenwood UCLA Retired
20%
2000 Eddie House Arizona State Retired
20%
1997 Ed Gray California Retired
20%
1992 Harold Miner USC Retired
20%
2019 Jaylen Nowell Washington Gigantes de Carolina - Puerto Rico
20%
2010 Jerome Randle California Retired
20%
1987 José Ortiz Oregon State Retired
20%
1983 Kenny Fields UCLA Retired
20%
1982 Lester Conner Oregon State Retired
20%
1976 Ron Lee Oregon Retired
20%
2002 Sam Clancy USC Retired
20%
1989 Sean Elliott Arizona Retired
20%
1988 Sean Elliott Arizona Retired
20%
2001 Sean Lampley California Retired
20%
1985 Wayne Carlander USC Retired
20%
No matching quizzes found
Score Distribution
Percent of People with Each Score
Percentile by Number Answered
Your Score History
You have not taken this quiz since the last reset